00281nam a2200133Ia 45000030006000000080041000060400015000471000023000622450019000852600006001043000006001105460014001160050017001300STCL150530s9999 xx 000 0 und d aSTCLcSTCL aSri Krishna Sharma aGermankathukal c0 a0 aMalayalam20220125171817.0